| 000 | 01117cam a2200277 a 4500 | ||
|---|---|---|---|
| 001 | 14540659 | ||
| 005 | 20080717073838.0 | ||
| 008 | 060908s2006 maua b 001 0 eng | ||
| 010 | _a 2006934310 | ||
| 020 | _a9780618713127 (main student text) | ||
| 020 | _a0618713123 (main student text) | ||
| 040 |
_aDLC _cDLC |
||
| 050 | 0 | 0 |
_aBF121 _b.B45 2006 |
| 082 |
_220 _a150 _bBER |
||
| 100 | 1 | _aBernstein, Douglas. | |
| 245 | 1 | 0 |
_aEssentials of psychology / _cDouglas Bernstein and Peggy W. Nash, with Alison Clarke-Stewart, Louis A. Penner, Edward J. Roy. |
| 250 | _a3rd. ed. | ||
| 260 |
_aBoston, MA : _bHoughton Mifflin Co., _cc2005. |
||
| 300 |
_axxxii, 588, A1 - A146 p. : _bill. (chiefly col.) ; _c27 cm. |
||
| 504 | _aIncludes bibliographical references ( p. A15 - A97) and index. | ||
| 650 | 0 | _aPsychology. | |
| 700 | 1 | _aNash, Peggy Wright. | |
| 942 |
_2ddc _cBB |
||
| 999 |
_c10928 _d10928 |
||